Bio-inspired and nanoscale integrated computing (Record no. 49233)
[ view plain ]
| 000 -LEADER | |
|---|---|
| fixed length control field | 01328nam a2200337Ia 4500 |
| 082 04 - DEWEY DECIMAL CLASSIFICATION NUMBER | |
| Classification number | 004.1 |
| 245 00 - TITLE STATEMENT | |
| Title | Bio-inspired and nanoscale integrated computing |
| 260 ## - PUBLICATION, DISTRIBUTION, ETC. (IMPRINT) | |
| Place of publication | Hoboken, N.J. : |
| Name of publisher | John Wiley, |
| Year of publication | c2009. |
| 300 ## - PHYSICAL DESCRIPTION | |
| Number of Pages | xv, 555 p. : |
| Other physical details | ill. |
| 490 0# - SERIES STATEMENT | |
| Series statement | Nature-inspired and nanoscale integrated computing |
| 650 #0 - SUBJECT ADDED ENTRY--TOPICAL TERM | |
| Topical Term | Molecular computers. |
| Topical Term | Biologically-inspired computing. |
| Topical Term | Nanotechnology. |
| Topical Term | Nanomedicine. |
| 700 1# - ADDED ENTRY--PERSONAL NAME | |
| Personal name | Eshaghian-Wilner, Mary Mehrnoosh. |
| 856 40 - ELECTRONIC LOCATION AND ACCESS | |
| Uniform Resource Identifier | http://site.ebrary.com/lib/rucke/Doc?id=10342784 |
No items available.
